000 00330nam a2200133 i 4500
001 bg
100 1 _aYAMAGUCHI, F.
245 0 _aCurves and surfaces in computer aided geometric design /
_cF.Yamaguchi.
260 _aBerlin,
_c1988.
040 _cBPK
041 _apol
942 _cKS
008 s pl f |000 0 pol
999 _c28729
_d28729
856 _uhttp://koha.tu.koszalin.pl/cgi-bin/koha/opac-detail.pl?biblionumber=28729
_yKatalog online BPK